000 00728nam a22002177a 4500
003 UA-OsUOA
001 97175
007 ta
008 20130327b un ||||| |||| 00| 0 ukr d
100 _aТаровита В.
090 _a82
_bТ21
942 _cSA
040 _aUA-OsUOA
_bukr
_cUA-OsUOA
_dUA-OsUOA
245 _aКраса природи рідного краю в поезії Богдана-Ігоря Антонича. Поняття про ліричного героя
300 _aС.10-12
955 _a0
041 _aukr
080 _a82
773 0 _w97174
_tУкраїнська мова та література
_dК.
_d2013
_g5
650 7 _a82 Література. Літературознавство
_2UDC
999 _c383427
_d383427